[Event "EU-chT (Men) 12th"]
[Site "Batumi"]
[Date "1999.12.02"]
[Round "4.3"]
[White "Pavasovic, Dusko"]
[Black "Conquest, Stuart"]
[Result "0-1"]
[WhiteElo "2510"]
[BlackElo "2555"]
[Annotator "Oratovsky,M"]
[PlyCount "107"]
[EventDate "1999.11.06"]
[EventType "team-swiss"]
[EventRounds "9"]
[EventCountry "GEO"]
[SourceTitle "CBM 074"]
[Source "ChessBase"]
[SourceDate "2000.02.01"]
[SourceVersion "1"]
[SourceVersionDate "2000.02.01"]
[SourceQuality "1"]
[WhiteTeam "Slovenia"]
[BlackTeam "England"]
[WhiteTeamCountry "SLO"]
[BlackTeamCountry "ENG"]

1. e4 d6 2. d4 g6 3. Nc3 Nf6 4. f4 Bg7 5. Nf3 O-O 6. Be3 b6 7. Bd3 (7. h3 c5 8.
d5 a6 9. a4 Nbd7 10. Bd3 Rb8 11. Qe2 $14) 7... Bb7 (7... c5 8. Qe2 (8. h3 cxd4
9. Bxd4 Bb7 10. Qd2 Nc6 11. Bf2 Rc8 12. O-O-O Nb4 (12... Na5 $5) 13. Kb1 b5 $5
{[%csl Re4]} (13... Nxd3 14. cxd3 a6 $13) 14. Rhe1 Nxd3 15. Qxd3 Nh5 $15 {
McShane,L-Tkachiev,V/Hastings 1998/CBM 63/ (38)}) (8. d5 Na6 9. h3 Nc7 $5 $132
{[%cal Gb6b5,Ge7e6]}) 8... Nc6 9. e5 Ng4 10. Be4 Nb4 11. O-O-O Ba6 12. Qe1 d5
13. dxc5 Nxe3 14. Qxe3 e6 15. a3 Nc6 16. Bd3 $14 {Bologan,V-Gipslis,A/Ostrava
1993/CBM 38 1-0 (47)}) 8. Qd2 (8. Qe2 c5 9. O-O-O cxd4 (9... c4 10. Bxc4 Nxe4
11. Nxe4 Bxe4 12. Ng5 Bb7 13. f5 $1 Nd7 14. fxg6 hxg6 15. Qg4 $40 {[%cal Gg4h4]
Bologan,V-Koeller,O/Biel 1995/CBM 48 ext/1-0 (45)}) 10. Bxd4 Nc6 11. Bxf6 Bxf6
12. e5 Bg7 13. Be4 Qd7 14. h4 Qg4 $132 {Bareev,E-Plachetka,J/Trnava 1989/CBM
12 (39)}) (8. O-O Na6 $5 {[%cal Ga6b4]} 9. f5 c5 (9... Nb4 $5 10. fxg6 hxg6 11.
Bc4 {[%cal Gf3g5]} (11. Ng5 $13 {[%cal Gd1e1,Ge1h4]}) 11... Nxe4 12. Nxe4 Bxe4
13. Ng5 Bd5 14. Bxd5 Nxd5 15. Qg4 $44 {[%cal Gg4h4]}) 10. fxg6 hxg6 11. d5 Nc7
12. Qe1 Qd7 13. h3 $14 {[%cal Ge1h4] Bologan,V-Todorcevic,M/JUG 1994/EXT 99
1-0(32)}) 8... c5 (8... a6 9. a4 e6 10. h3 c5 11. O-O Nbd7 12. f5 gxf5 13. exf5
cxd4 14. Nxd4 e5 15. Nb3 d5 16. Bh6 Bxh6 17. Qxh6 Kh8 $15 {0-1 Kotan,L-Sturua,
Z/Cappelle la Grande 1996/CBM 51 ext (40)}) ({deserved serious attention} 8...
Na6 $5 {[%cal Gc7c5,Ga6b4]}) 9. d5 Nbd7 10. h3 a6 11. a4 Qc7 $15 {[%cal Gc5c4,
Ge7e6]} 12. O-O ({doesn't work} 12. Bc4 {preventing blacks initiative on
queenside} b5 $1 13. axb5 axb5 14. Rxa8 Rxa8 15. Nxb5 Qb6 $15 {[%cal Gf6e4,
Ra8a1]}) 12... c4 13. Be2 Nc5 14. e5 dxe5 (14... Nfe4 15. Nxe4 Nxe4 16. Qd4 Ng3
17. Rfe1 b5 $15) 15. Bxc4 (15. fxe5 Nce4 16. Nxe4 Nxe4 17. Qd4 Ng3 18. Rfe1 b5
$17 {[%cal Gg3f5,Gf8d8]}) 15... Nfe4 16. Nxe4 Nxe4 17. Qb4 b5 (17... exf4 18.
Bxb6 Qd6 19. Qxd6 Nxd6 20. Bb3 Bxb2 $15) 18. axb5 exf4 19. bxa6 fxe3 20. axb7
Rab8 21. Bb5 (21. Ba6 Nc5 $15) 21... Ng3 (21... Rxb7 22. Qxe4 Rxb5 {and black
stands better}) 22. Bc6 Ne2+ 23. Kh1 Ng3+ 24. Kg1 Nxf1 25. Rxf1 e6 26. c4 exd5
27. cxd5 Rfd8 28. Re1 Bh6 {white has only symbolical compensation for
sacrifised exchange-black can at any moment trasform material advantage into
positional after R:b7} 29. Qh4 Bf4 {[%cal Rf4g3]} 30. Re2 (30. Ng5 h5 31. Ne4
Qe5 32. d6 f5 $19) 30... Kg7 31. Ne1 h5 32. Nd3 Bh6 33. Qd4+ Kg8 34. b4 Rxb7
35. Bxb7 Qxb7 36. Nf4 Qc7 37. g3 (37. Nd3 Qd6 $19 {[%csl Rd5]}) 37... h4 $17
38. Rxe3 hxg3 39. d6 (39. Rf3 Qc2 $1 (39... Bxf4 40. Qxf4 (40. Rxf4 Qc2 $19 {
[%cal Gc2h2]}) 40... Qa7+ 41. Kg2 Rxd5 $17) 40. Ng2 Bg7 41. Qd3 Qb2 42. Rxg3
Bd4+ 43. Ne3 Ra8 $19) 39... Rxd6 40. Re8+ Bf8 41. Qe3 Qc6 {[%cal Gd6d1]} 42.
Qe4 Qb6+ 43. Qe3 Qxb4 $19 {Two pawns less and undefended position of the king
makes whites position hopeless.} 44. Kg2 Rc6 45. Ne2 Kh7 46. Re4 Qb2 47. Qxg3
Bh6 48. Qd3 Rc5 49. Rh4 Rg5+ 50. Rg4 Re5 51. Kf2 (51. Re4 Qb7 52. Nc3 f5 $19)
51... Re3 52. Qxe3 (52. Qc4 Qf6+ 53. Ke1 Rxh3 $19) 52... Bxe3+ 53. Kxe3 Qb3+
54. Kd4 0-1

[Event "Olympiad-23"]
[Site "Buenos Aires"]
[Date "1978.11.08"]
[Round "13"]
[White "Parma, Bruno"]
[Black "Ligterink, Gert"]
[Result "1/2-1/2"]
[WhiteElo "2540"]
[BlackElo "2440"]
[Annotator "Parma,B"]
[PlyCount "43"]
[EventDate "1978.10.25"]
[EventType "team-swiss"]
[EventRounds "14"]
[EventCountry "ARG"]
[SourceTitle "EXT 2000"]
[Source "ChessBase"]
[SourceDate "1999.11.16"]
[SourceVersion "1"]
[SourceVersionDate "1999.11.16"]
[SourceQuality "1"]
[WhiteTeam "Yugoslavia"]
[BlackTeam "Netherlands"]
[WhiteTeamCountry "YUG"]
[BlackTeamCountry "NED"]

{Inf.26/194} 1. e4 d6 2. d4 Nf6 3. Nc3 g6 4. f4 Bg7 5. Nf3 O-O 6. Bd3 Nc6 7.
O-O e5 (7... Bg4 8. e5 $14) 8. dxe5 (8. fxe5 dxe5 9. d5 Nd4 $5 $13) 8... dxe5
9. f5 gxf5 10. exf5 Nb4 11. Kh1 (11. Bg5 $5) 11... Nxd3 12. cxd3 Bxf5 13. Nxe5
Nd7 (13... Bg6 14. Bg5 Qd4 $1 $13) 14. Rxf5 Nxe5 15. d4 $14 Ng6 16. Be3 Qd7 17.
Qh5 Rae8 18. Bg1 c6 19. Raf1 b6 $1 20. R5f3 $2 (20. Ne2 $1 {/\ Ng3+/=}) 20...
f5 $1 $15 21. Rh3 Bh8 22. Qd1 1/2-1/2

[Event "Beersheba"]
[Site "Beersheba"]
[Date "1996.??.??"]
[Round "8"]
[White "Shmuter, Leonid"]
[Black "Kantsler, Boris"]
[Result "1-0"]
[WhiteElo "2490"]
[BlackElo "2475"]
[Annotator "Petursson,M"]
[PlyCount "81"]
[EventDate "1996.03.??"]
[EventType "tourn"]
[EventRounds "11"]
[EventCountry "ISR"]
[EventCategory "10"]
[SourceTitle "CBM 053"]
[Source "ChessBase"]
[SourceDate "1996.08.01"]
[SourceVersion "1"]
[SourceVersionDate "1996.08.01"]
[SourceQuality "1"]

1. e4 g6 2. d4 Bg7 3. Nc3 d6 4. f4 Nf6 5. Nf3 O-O 6. Be3 c5 7. dxc5 Qa5 8. Bd3
dxc5 9. Bd2 Nc6 10. e5 Ne8 11. Ng5 Nb4 12. Bc4 Qd8 13. a3 Nc6 14. Be3 Qa5 15.
O-O Bf5 16. g4 Rd8 17. Qe2 Bc8 18. b4 $1 $18 Qc7 (18... cxb4 19. axb4 Qxb4 20.
Nd5 Bxg4 (20... Rxd5 21. Bxd5 Bd7 22. Rfb1 Qc3 23. Ne4 $18) 21. Nxb4 Bxe2 22.
Nxc6 Bxc4 23. Nxd8 Bxf1 24. Rxf1 $18) 19. Nd5 Qd7 20. Rad1 cxb4 (20... Qxg4+
21. Qxg4 Bxg4 22. Nxe7+ Kh8 23. Rxd8 Nxd8 24. Bxc5 $18) 21. e6 $1 $18 fxe6 22.
Nxe6 Nd6 23. Nb6 Qxe6 24. Bxe6+ Bxe6 25. Bc5 Bxg4 26. Qxg4 axb6 27. Bxb6 Rc8
28. Qe6+ Kh8 29. axb4 Nf5 30. b5 Ncd4 31. Qd7 Ne2+ 32. Kh1 Nc3 33. Rd3 Na4 34.
Bd8 Rb8 35. Bxe7 Nb6 36. Bxf8 Nxd7 37. Bxg7+ Nxg7 38. Rxd7 b6 39. Rfd1 Ne6 40.
R1d6 Nxf4 41. Rd8+ 1-0

[Event "EU-ch U21"]
[Site "Groningen"]
[Date "1985.12.31"]
[Round "12"]
[White "Howell, James C"]
[Black "Piket, Jeroen"]
[Result "0-1"]
[WhiteElo "2370"]
[BlackElo "2380"]
[Annotator "Piket,L"]
[PlyCount "68"]
[EventDate "1985.12.18"]
[EventType "swiss"]
[EventRounds "13"]
[EventCountry "NED"]
[SourceTitle "EXT 2000"]
[Source "ChessBase"]
[SourceDate "1999.11.16"]
[SourceVersion "1"]
[SourceVersionDate "1999.11.16"]
[SourceQuality "1"]

1. e4 d6 2. d4 Nf6 3. Nc3 g6 4. f4 Bg7 5. Bd3 O-O 6. Nf3 Na6 7. O-O c5 8. d5
Rb8 9. Qe1 (9. Kh1 Bg4 10. Qe1 Nb4 11. Qh4 Qc8 $1 $17 {[Strhouwer - Van de
Wiel, Holland (ch) 85]}) 9... Bg4 $1 (9... Nb4 $6 10. Qh4 b5 11. f5 c4 12. a3
$1 $14 {[Sznapik - Van der Wiel, Ohra 1984]}) 10. Qh4 Nb4 11. Kh1 $2 (11. f5
$142 $13) 11... Qc8 $1 12. a3 Nxd3 13. cxd3 b5 14. f5 b4 15. Ne2 (15. Nd1 Qa6
$15) 15... Qa6 16. Nf4 Bxf3 (16... c4 17. Bd2 $1 Bxf3 18. gxf3 $1 $13) 17. Rxf3
(17. gxf3 Qa4 $15) 17... Qa4 (17... c4 18. g4 $1) 18. Rf1 c4 19. fxg6 hxg6 20.
d4 $1 (20. dxc4 bxa3 21. Rxa3 Qxc4 $17) 20... c3 21. e5 dxe5 22. dxe5 Qb5 $1
23. Rg1 (23. Rf3 Nxd5 24. axb4 c2 $1 $17) 23... Nxd5 24. Nxd5 Qxd5 25. axb4
Bxe5 $5 (25... c2 $142 $5) 26. bxc3 Bxc3 27. Rxa7 Qd4 $2 (27... Bxb4) 28. Qxe7
Bxb4 29. Qd7 $2 (29. Be3 $1) 29... Bc5 30. Rd1 Qf6 31. Rc7 Rbd8 32. Qg4 Qh4 33.
Qf3 Bd6 $2 (33... Rxd1+ 34. Qxd1 Bd6 $1) 34. Bf4 $4 $138 (34. g3 Bxg3 35. Rc2)
34... Bxf4 {Time} 0-1

[Event "Hoogovens-B"]
[Site "Wijk aan Zee"]
[Date "1990.01.??"]
[Round "7"]
[White "Polgar, Sofia"]
[Black "Van Wely, Loek"]
[Result "1-0"]
[WhiteElo "2410"]
[BlackElo "2445"]
[Annotator "Polgar,S"]
[PlyCount "43"]
[EventDate "1990.01.??"]
[EventType "tourn"]
[EventRounds "11"]
[EventCountry "NED"]
[EventCategory "9"]
[SourceTitle "CBM 017"]
[Source "ChessBase"]
[SourceDate "1990.08.01"]
[SourceVersion "1"]
[SourceVersionDate "1990.08.01"]
[SourceQuality "1"]

1. e4 {[ Zsofia Polgar ]} d6 2. d4 Nf6 3. Nc3 g6 4. f4 Bg7 5. Nf3 c5 6. dxc5
Qa5 7. Bd3 Qxc5 8. Qe2 O-O 9. Be3 Qa5 10. h3 {This move is Judith's speciality.
} e5 (10... Nh5 11. Kf2 {/\ 12.g4 with good attacking possibilities; Polgar,
J-Hennigen (London 1988)}) 11. O-O-O Nh5 $6 {>= 11...Nbd7 12.g4 Polgar,
J-Azmaiparashvili (Amsterdam OHRA 1989)} 12. f5 $1 {Leaving the rook on h1 for
a strong attack.} Ng3 {Black takes up the challange.} (12... gxf5 13. exf5 (13.
Ng5 Ng3 14. Qf3 f4 $1) 13... Ng3 14. Qe1 Nxh1 15. Qh4 $146) 13. Qe1 Nxh1 14. g4
$1 gxf5 $6 (14... d5 {This is maybe a better try, altough after ...} 15. Nxd5
Qxe1 16. Rxe1 Nc6 (16... Nd7 $2 17. Nc7 $18) (16... Ng3 17. f6 $18) 17. f6 (17.
Rxh1 Rd8) 17... Bh8 18. Rxh1 Be6 19. g5 {... it is hard to see how will the h8
bishop come back to play.}) 15. gxf5 Qd8 {I think despite Black is a whole
rook up at the moment he has no defence.} (15... Nd7 16. Qh4 Bf6 17. Rg1+ Kh8
18. Bg5 Qd8 19. Nd5 $18) (15... f6 16. Bc4+ Kh8 17. Nh4 $18 {/\ 18.Ng6}) 16.
Bc4 {/\ Bg5} Kh8 17. Ng5 Bh6 (17... f6 18. Nxh7 $18) 18. Qh4 Bxg5 (18... Qf6
19. Rg1 {/\ 20.Nf7 Rf7 21.Qf6 Rf6 22.Rg8 #}) 19. Bxg5 f6 20. Bh6 Nd7 21. Rg1
Qe7 22. Qg4 {[ Zsofia Polgar ]} 1-0

[Event "Belgrade RAD 30"]
[Site "Belgrade"]
[Date "1977.01.28"]
[Round "11.5"]
[White "Velimirovic, Dragoljub"]
[Black "Radulov, Ivan"]
[Result "1-0"]
[WhiteElo "2525"]
[BlackElo "2500"]
[Annotator "Primel,D"]
[PlyCount "127"]
[EventDate "1977.01.15"]
[EventType "tourn"]
[EventRounds "13"]
[EventCountry "SRB"]
[EventCategory "9"]
[SourceTitle "EXT 2018"]
[Source "ChessBase"]
[SourceDate "2017.10.13"]
[SourceVersion "1"]
[SourceVersionDate "2017.10.13"]
[SourceQuality "1"]
[TimeControl "40/9000:16/5400:0"]

1. e4 d6 2. d4 Nf6 3. Nc3 g6 4. f4 Bg7 5. e5 dxe5 6. dxe5 Qxd1+ 7. Kxd1 Ng4 8.
Ke1 c6 9. h3 Nh6 10. g4 f6 11. exf6 exf6 12. Bc4 f5 13. g5 Nf7 14. Nf3 Nd7 $146
(14... O-O 15. Be3 Re8 16. Kf2 Be6 17. Bxe6 Rxe6 18. Nd4 Re7 19. Rad1 Nd7 20.
Nb3 b6 21. Bd4 Rae8 22. Bxg7 Kxg7 23. Rd3 b5 24. a3 Nb6 25. Nd4 Rc8 26. Re1
Rxe1 27. Kxe1 Nc4 28. b3 Re8+ 29. Kf2 {Vulevic,V (2240)-Krause,C Bern 1977 1/
2-1/2 (51)}) (14... Nd6 15. Bb3 Kd7 16. h4 Kc7 17. h5 gxh5 18. Rxh5 Ne4 19.
Nxe4 fxe4 20. Ne5 Bf5 21. Nf7 Rf8 22. Be3 Nd7 23. Rd1 Bxb2 24. Nh6 Bg6 25. Be6
Ne5 26. Rh3 Rae8 27. f5 Rxe6 28. fxe6 Nf3+ 29. Ke2 {Bronstein,D (2490)
-Tseshkovsky,V (2530) Moscow 1981 1/2-1/2 (33)}) (14... Nd6 15. Bb3 Na6 16. Be3
Ke7 17. Rh2 Be6 18. Re2 Bxc3+ 19. bxc3 Ne4 20. Bd4 Rhe8 21. h4 c5 22. Bxe6 Kxe6
23. Be5 Kd5 24. Rd1+ Kc6 25. h5 Rad8 26. Rxd8 Rxd8 27. hxg6 hxg6 28. Rh2 Re8
29. Kd1 {Lorenz,G-Ryc,I Dresden 1969 1/2-1/2 (40)}) (14... O-O 15. Kf2 b5 16.
Bxf7+ Kxf7 17. Be3 Be6 18. Bd4 b4 19. Na4 Nd7 20. Rhe1 Bd5 21. Bxg7 Kxg7 22. a3
Rab8 23. b3 a5 24. Nd4 Rfe8 25. axb4 axb4 26. Nb2 Nc5 27. Ra7+ Kg8 28. Nd3
Nxd3+ 29. cxd3 {Balashov,Y-Stein,L Moscow 1972 1/2-1/2 (40)}) 15. Be3 Nb6 16.
Bb3 O-O 17. Kf2 $5 {[%cal Gh1e1,Ga1d1]} Re8 18. Rhe1 Be6 19. Bd4 (19. Bxe6 Rxe6
20. Bd4 Rae8 21. Rxe6 Rxe6 22. Bxg7 Kxg7 23. Rd1 Rd6 $11) 19... Bxb3 20. axb3
Rxe1 $1 21. Rxe1 Bxd4+ 22. Nxd4 Rd8 23. Nf3 Kf8 (23... Kg7 24. Re7) 24. h4 Nd5
25. Nxd5 Rxd5 26. h5 $1 gxh5 27. Rh1 Kg7 28. Rxh5 h6 29. gxh6+ Nxh6 30. Ke2 Ra5
31. Ne5 $14 Ra2 32. Rg5+ Kf8 33. Kd2 Ra1 (33... Rxb2) 34. Rg6 Rh1 35. Rd6 Rh2+
36. Kd3 Ng4 37. Rd7 Nxe5+ 38. fxe5 Rh3+ 39. Kd4 $16 {[%csl Gd7,Rf8]} Rh2 40.
Kc3 Re2 41. Rxb7 Rxe5 42. Rxa7 Ke8 (42... f4 {[%cal Ge5f5]} 43. Rd7 f3 44. Rd1
Kf7 45. Rf1 Rf5 46. Kd3 Kg6 47. Ke3) 43. b4 Re3+ 44. Kd4 Re4+ (44... Re2 45.
Kd3) 45. Kc5 Re2 46. c4 Rxb2 47. Rc7 f4 48. Rxc6 Ke7 49. Rh6 f3 50. Rh3 Rb3 $1
{[%cal Gf3f2,Gb3h3] Un dernier piège} 51. Rh4 Ke6 (51... Kd7 52. Rf4 Kc7 53.
b5 Kb7 54. Rf7+ Kb8 55. Kb6 $18) 52. Rf4 Ke5 53. Rf8 Ke4 54. b5 Ke3 55. b6 f2
56. Kc6 Rb4 57. c5 Rf4 58. Rxf4 Kxf4 59. b7 f1=Q 60. b8=Q+ Ke4 61. Qe8+ Kd4 62.
Qd8+ Kc3 63. Qa5+ Kd4 64. Kb6 1-0

[Event "Rohde op 12th"]
[Site "Sautron"]
[Date "2012.11.02"]
[Round "8"]
[White "Videnova, Iva"]
[Black "Koziak, Vitali"]
[Result "0-1"]
[WhiteElo "2318"]
[BlackElo "2503"]
[Annotator "RR"]
[PlyCount "74"]
[EventDate "2012.10.27"]
[EventType "swiss"]
[EventRounds "9"]
[EventCountry "FRA"]
[SourceTitle "EXT 2014"]
[Source "ChessBase"]
[SourceDate "2013.11.20"]
[SourceVersion "1"]
[SourceVersionDate "2013.11.20"]
[SourceQuality "1"]
[TimeControl "40/5400+30:1800+30"]
[WhiteClock "1:30:00"]
[BlackClock "1:30:00"]

1. e4 {[%emt 0:00:00]} g6 {[%emt 0:00:00]} 2. d4 {[%emt 0:00:00]} Bg7 {[%emt 0:
00:00]} 3. Nc3 {[%emt 0:00:00]} d6 {[%emt 0:00:22]} 4. f4 {[%emt 0:00:09]} Nf6
{[%emt 0:00:07]} 5. Nf3 {[%emt 0:00:08]} O-O {[%emt 0:00:11]} 6. Bd3 {[%emt 0:
00:07]} Na6 {[%emt 0:00:12]} 7. O-O {[%emt 0:00:25]} c5 {[%emt 0:00:05]} 8. d5
{[%emt 0:00:07]} Nc7 {[%emt 0:00:07]} 9. a4 {[%emt 0:00:48]} Na6 {[%emt 0:00:
30]} ({RR} 9... Bg4 10. h3 Bxf3 11. Qxf3 e6 12. Bd2 exd5 13. exd5 a6 14. a5 Rb8
15. Bc4 Nd7 16. Na4 Nb5 17. Qd3 Nd4 18. Rae1 h5 19. c3 Nf5 20. g4 hxg4 21. hxg4
Nh4 22. Qh3 Qxa5 23. Qxh4 Qxa4 24. b3 {Polgar,J (2540)-Todorcevic,M (2540)/
Pamplona 1990/CBM 021/[King,D]/1-0 (67)}) 10. Bc4 {[%emt 0:05:45]} Nb4 $146 {
[%emt 0:01:51][%cal Gb4d5] Un avant-poste naturel comme dans la Benoni mais le
N manque de soutien. L'idée est surout de faire pression sur le P"d5" afin de
retarder la poussée thématique e4e5} ({RR} 10... e6 11. dxe6 Bxe6 12. Qe2 Nb4
13. Nd1 Bxc4 14. Qxc4 d5 15. exd5 Qxd5 16. Qxd5 Nfxd5 17. c3 Nd3 18. g3 Rfe8
19. Nf2 Nxc1 20. Raxc1 Nb6 21. b3 Nd5 22. c4 Nc3 23. Kg2 Re3 24. Rfe1 Ne2 25.
Rcd1 {Laakmann,A (2145)-Gaprindashvili,N (2405)/Piotrkow Trybunalski 1979/EXT
2002/0-1 (57)}) 11. Qe2 {[%emt 0:06:34][%cal Ge4e5,Gf1d1,Gd1d5]} b6 {[%emt 0:
17:45][%csl Ra6] Prive le Nb4 de la case de repli} 12. Rd1 $14 {[%emt 0:08:19]
[%cal Gd1d5]} (12. Nd1 {Trop lent} e6 $1 13. c3 (13. Ne3 exd5 14. exd5 Re8 $132
{[%cal Ge8e2]}) 13... exd5) 12... Bb7 {[%emt 0:11:36]} 13. e5 $36 {[%emt 0:20:
34]} Ne8 {[%emt 0:07:37]} 14. e6 {[%emt 0:08:31]} (14. a5 $5 {[%cal Ga5a6]})
14... Nc7 {[%emt 0:14:54][%cal Gc7e6,Gc7d5]} 15. f5 {[%emt 0:02:16]} (15. exf7+
$142 {[%cal Gf3g5] Plus naturel et les Blancs gardaient un avantage d'espace.}
Rxf7 16. Ng5 $16 Rf8 17. Nb5 $1 {[%cal Gc2c3]} Nba6 (17... Nxb5 18. axb5 {
[%csl Ra7][%cal Gc2c3]}) (17... Nbxd5 $4 18. Nxc7) 18. Ra3 {[%csl Re7][%cal
Ga3e3]}) 15... fxe6 {[%emt 0:05:32]} 16. fxe6 {[%emt 0:00:36][%csl Gf7]} Rf5
$132 {[%emt 0:14:47][%csl Rd5]} 17. g4 {[%emt 0:01:51]} Rxf3 $1 {[%emt 0:01:45]
} 18. Qxf3 {[%emt 0:00:07]} Nxe6 {[%emt 0:00:18]} 19. Rf1 {[%emt 0:01:36]} Qe8
{[%emt 0:07:34]} 20. Nb5 {[%emt 0:02:13]} Nxc2 {[%emt 0:03:18]} 21. Qe4 {
[%emt 0:02:31]} Ncd4 $15 {[%emt 0:04:37][%csl Gd4]} 22. Ra3 {[%emt 0:00:58]} a6
{[%emt 0:00:46]} 23. Nxd4 {[%emt 0:00:33]} Nxd4 {[%emt 0:00:20]} 24. Rh3 {
[%emt 0:01:54] Les Blancs doivent tenter quelque chose а l'aile-roi avant que
les Noirs puissent terminer le développement} b5 $17 {[%emt 0:01:33]} 25. Ba2 {
[%emt 0:04:50]} e5 $1 {[%emt 0:01:05]} 26. Bg5 {[%emt 0:05:08] (=)} Ne6 $1 {
[%emt 0:00:51] Les Noirs n'auraient aucune raison d'accepter la proposition.} (
26... c4 $17 {[%csl Ra2]}) 27. Bd2 {[%emt 0:02:40]} c4 {[%emt 0:00:31][%csl
Ra2]} 28. Qe1 $2 {[%emt 0:01:07][%cal Ge1h4]} Nf4 $19 {[%emt 0:00:59]} 29. Bxf4
{[%emt 0:04:32]} exf4 {[%emt 0:00:03]} 30. Qd2 {[%emt 0:03:26]} Qe4 {[%emt 0:
01:26]} 31. Rxf4 {[%emt 0:00:52]} Qxd5 {[%emt 0:00:04]} 32. Qxd5+ {[%emt 0:00:
15]} Bxd5 {[%emt 0:00:02]} 33. b3 {[%emt 0:01:12]} c3 {[%emt 0:00:21]} 34. Rd3
{[%emt 0:01:07]} c2 {[%emt 0:00:18]} 35. Rf1 {[%emt 0:00:05]} Be4 {[%emt 0:00:
43]} 36. b4+ {[%emt 0:00:52]} Kh8 {[%emt 0:00:18]} 37. Rxd6 {[%emt 0:01:18]}
Bh6 0-1

[Event "Cappelle op 31st"]
[Site "Cappelle la Grande"]
[Date "2015.03.02"]
[Round "3"]
[White "Djukic, Nikola"]
[Black "Onischuk, Vladimir"]
[Result "0-1"]
[WhiteElo "2529"]
[BlackElo "2629"]
[Annotator "RR"]
[PlyCount "74"]
[EventDate "2015.02.28"]
[EventType "swiss"]
[EventRounds "9"]
[EventCountry "FRA"]
[SourceTitle "EXT 2016"]
[Source "ChessBase"]
[SourceDate "2015.10.08"]
[SourceVersion "1"]
[SourceVersionDate "2015.10.08"]
[SourceQuality "1"]

1. e4 d6 2. d4 Nf6 3. Nc3 g6 4. f4 Bg7 5. Nf3 O-O 6. Bd3 Na6 7. O-O (7. e5 Nd7
8. Be3 c5 (8... Nb4)) 7... c5 8. d5 Rb8 (8... Bg4 9. Bc4 Nc7 {[%cal Gb7b5]} 10.
h3 Bxf3 11. Qxf3 $14) 9. Qe2 Bg4 $5 {La préparation de l'ukrainien qui
sacrifie un P} (9... Nc7 10. a4 a6 11. a5 Bg4 12. h3 Bxf3 13. Qxf3 Nd7 14. Nd1
e6 15. Ne3 exd5 16. exd5 f5 17. g4 fxg4 18. Qxg4 Qe7 19. c3 Rbe8 20. Ra4 Qf7
21. Qg2 b5 22. axb6 Nxb6 23. Re4 Nd7 24. f5 Ne5 25. Rxe5 Bxe5 26. fxg6 Qd7 27.
Bf5 Qe7 28. gxh7+ Kh8 29. Nc4 Qg7 30. Bg4 Rxf1+ 31. Kxf1 Qxh7 32. Qf3 Qb1 33.
Qe3 Bg7 34. Qd2 Qe4 35. Nxd6 Qh1+ 36. Kf2 Qh2+ {0-1 (36) Vaisser,A (2556)
-Hamdouchi,H (2627) Pau 2012}) 10. Bxa6 $146 {Les Blancs relèvent le défi} (
10. h3 Bxf3 11. Rxf3 Nc7 12. a4 Na6 13. Bxa6 bxa6 14. Qxa6 Rb4 15. Qe2 Qb6 16.
e5 Nd7 17. e6 Nf6 18. Kh2 Qb7 19. exf7+ Rxf7 20. Qe6 Qd7 21. Qxd7 Nxd7 22. a5
Bh6 23. Ra4 Nf6 24. a6 Nxd5 25. Rxb4 Nxb4 26. Nb5 Nxa6 27. c3 c4 28. Be3 Nc5
29. Bxc5 dxc5 30. g3 a6 31. Na3 e5 32. Nxc4 exf4 33. gxf4 Rxf4 34. Rxf4 Bxf4+
35. Kg2 Kf7 36. Kf3 Bc1 37. b3 Ke6 38. Ke4 h5 39. Ne5 Bb2 {Umudova,N (2220)
-Gurieli,N (2329) Batumi 2012 1/2-1/2}) 10... bxa6 11. Qxa6 Qc7 12. Nd2 Nh5 13.
Qd3 Bc8 14. Nc4 Ba6 $44 15. b3 Qc8 16. Bd2 Bd4+ 17. Kh1 Qg4 18. Rae1 f5 19. Ne2
(19. e5) 19... Bg7 20. exf5 gxf5 21. Rf3 Bf6 22. h3 Qg6 23. g4 $1 $36 fxg4 24.
Qxg6+ $2 (24. f5 $8 {Un coup intermédiaire indispensable} Qf7 (24... Qg7 25.
hxg4 $18 {[%cal Ge1g1]}) 25. hxg4 $40) 24... hxg6 25. hxg4 Bh4 26. gxh5 Bxe1
27. Bxe1 Bxc4 28. bxc4 Rb1 29. Rf1 gxh5 30. Kg2 Rfb8 31. Kf2 R8b2 32. Rg1+ Kf7
33. Rg3 Rxc2 34. Bc3 Rh1 35. Kg2 Rh4 36. Re3 Rxf4 37. Kh3 Rf2 0-1

[Event "Vandoeuvre op 11th"]
[Site "Vandoeuvre"]
[Date "2014.12.26"]
[Round "2"]
[White "Cornette, Deimante"]
[Black "Narciso Dublan, Marc"]
[Result "0-1"]
[WhiteElo "2376"]
[BlackElo "2515"]
[Annotator "RR"]
[PlyCount "80"]
[EventDate "2014.12.26"]
[EventType "swiss"]
[EventRounds "9"]
[EventCountry "FRA"]
[SourceTitle "EXT 2017"]
[Source "ChessBase"]
[SourceDate "2016.10.25"]
[SourceVersion "1"]
[SourceVersionDate "2016.10.25"]
[SourceQuality "1"]

1. e4 {90} d6 2. d4 Nf6 3. Nc3 g6 4. f4 Bg7 5. Bd3 (5. Be2) 5... e5 (5... O-O {
La grande ligne}) 6. Nf3 (6. dxe5 dxe5 7. f5 $14 {[%csl Rc8]}) 6... exd4 (6...
Bg4 7. dxe5 dxe5 {Rogers,I (2575)-Ker,A (2315) NZL-ch Auckland 1997 (7) 1-0})
7. Nxd4 O-O 8. O-O Re8 9. Kh1 $146 (9. f5 d5 {Hanif,M (1957)-Othman,A (2360)
Turin ol (Men) 37th 2006 (2) 0-1}) 9... Nbd7 10. f5 {[%csl Re5]} (10. Be3 Nc5
11. Qf3 Bg4 (11... Qe7)) 10... c6 11. Bg5 {66} h6 {63} 12. Bf4 Ne5 13. Nf3 Nxd3
$11 14. cxd3 gxf5 15. Qd2 Kh7 16. Rae1 $44 Nh5 $1 17. Be3 fxe4 18. dxe4 {29}
Be6 {17 Les Noirs vont finir par terminer le développement et les
compensations des Blancs sont assez légères} 19. Bd4 Rg8 20. Be3 (20. Qc2 Kh8
21. Qd2 {[%cal Gd2h6] Comme la partie commence à mal tourner pour les Blancs,
une répétition de position serait salutaire}) 20... Qe7 21. Rd1 $6 Rad8 22.
Qd3 {[%cal Ge4e5,Gd3h7]} (22. Qc2) 22... Be5 $1 $15 {[%cal Gh5f4]} 23. Qd2 Qf8
{[%cal Gf8h6,Gf8g7]} 24. Nxe5 dxe5 25. Qxd8 Qxd8 26. Rxd8 Rxd8 27. Bxa7 Rd3 (
27... Rd2 28. Rf2) 28. Rf3 Rd2 29. Rf2 Rd7 30. Bb8 f6 $15 31. a3 b5 $1 {
[%csl Rb8]} 32. g3 Bh3 33. Kg1 Kg6 34. Rc2 Ng7 35. Na2 Ne6 36. Rxc6 Rd2 37. Ba7
Rg2+ 38. Kh1 Rxb2 39. Nc1 Ng5 40. Rc3 Bg2+ 0-1